00441nam a22001457a 4500020001800000040000900018082001800027100003200045245001200077260004800089610002000137942001200157999001900169952010700188 a0000000578226 cNUST a891.4393bRAE aAhmad Jaffari Raees9124781 aTaghluq aIslamabad:bSeventh Sky Publication;c2018. aTaghluq9124782 2ddccBK c610573d610573 00102ddc4070aCEMEbCEMEcGENd2024-07-25l0o891.4393 RAEpCEME- 50694r2024-07-25w2024-07-25yBK